The Story of Language (Record no. 19587)

000 -LEADER
fixed length control field 00363 a2200157 4500
020 ## - INTERNATIONAL STANDARD BOOK NUMBER
International Standard Book Number 8130706083
022 ## - INTERNATIONAL STANDARD SERIAL NUMBER
International Standard Serial Number 9798130706084
082 ## - DEWEY DECIMAL CLASSIFICATION NUMBER
Classification number 410
090 ## - LOCALLY ASSIGNED LC-TYPE CALL NUMBER (OCLC); LOCAL CALL NUMBER (RLIN)
-- 1486
-- 1486
100 ## - MAIN ENTRY--PERSONAL NAME
Personal name Barber,C.L.
245 ## - TITLE STATEMENT
Title The Story of Language
Statement of responsibility, etc. C.L.Barber
260 ## - PUBLICATION, DISTRIBUTION, ETC.
Place of publication, distribution, etc. New Delhi
Name of publisher, distributor, etc. Cosmo Publications
Date of publication, distribution, etc. 2007
300 ## - PHYSICAL DESCRIPTION
Extent 264p
500 ## - GENERAL NOTE
General note Hard cover
942 ## - ADDED ENTRY ELEMENTS (KOHA)
Koha item type Book
Call number prefix 410 BAR
Holdings
Withdrawn status Lost status Source of classification or shelving scheme Damaged status Not for loan Collection code Permanent Location Current Location Shelving location Date acquired Total Checkouts Full call number Barcode Date last seen Price effective from Koha item type
            Institute of Environmental Science and Engineering (IESE) Institute of Environmental Science and Engineering (IESE) General Stacks 11/20/2017   822.33 BAR IESE-1256 11/20/2017 11/20/2017 Book
            Institute of Environmental Science and Engineering (IESE) Institute of Environmental Science and Engineering (IESE) General Stacks 11/20/2017   822.33 BAR IESE-1255 11/20/2017 11/20/2017 Book
© 2023 Central Library, National University of Sciences and Technology. All Rights Reserved.